Metodický rozbor úvodného tematického celku v predmete ekonomika a organizácia na Strednom odbornom učilišti železničnom záverečná práca

Guardado en:
Detalles Bibliográficos
Autor principal: Onuferová, Danica
Autor Corporativo: Vysoká škola ekonomická v Bratislave. Národohospodárska fakulta
Otros Autores: Šlosár, Rudolf
Formato: Libro
Lenguaje:eslovaco
Publicado: Bratislava 1987
Etiquetas: Agregar Etiqueta
Sin Etiquetas, Sea el primero en etiquetar este registro!

MARC

LEADER 00000nam a2200000 4500
001 c040344
005 20230116095132.1
041 0 |a slo 
044 |a SK 
245 1 0 |a Metodický rozbor úvodného tematického celku v predmete ekonomika a organizácia na Strednom odbornom učilišti železničnom  |b záverečná práca  |c Danica Onuferová ; Ved. práce Rudolf Šlosár 
264 1 |a Bratislava  |c 1987 
300 |a 35 s. 
100 1 |a Onuferová, Danica 
700 1 |a Šlosár, Rudolf 
710 2 |a Vysoká škola ekonomická v Bratislave. Národohospodárska fakulta